| 000 | 01216cam a2200241 4500 | ||
|---|---|---|---|
| 001 | WB4001-36 | ||
| 008 | 031222n2003 000 0 eng u | ||
| 035 | _a(Sirsi) u124671 | ||
| 245 | _aFuture of UK air transport strategy published | ||
| 260 | _c2003 | ||
| 490 |
_aDfT News Release _v(166) 16 December 2003 (5) |
||
| 520 | _aThe government has published its framework for the future of air transport in the UK over the next 30 years. The White Paper "The future of air transport" sets out the future development of air transport in the regions of England, Scotland, Wales and Northern Ireland. It balances the economic benefits of development against its environmental impact and follows an extensive public consultation. The White Paper, summary document and fact sheets are available at http://www.dft.gov.uk/aviation/whitepaper/. http://www.gnn.gov.uk/gnn/national.nsf/Daily+News/4087E7F68294226B80256DFE004B25E2?opendocument | ||
| 590 | _aWB | ||
| 650 | _aAIR TRANSPORT | ||
| 650 | _aSCOTLAND | ||
| 650 | _aWALES | ||
| 650 | _aNORTHERN IRELAND | ||
| 650 | _aAIRPORT DEVELOPMENT | ||
| 650 | _aPLANNING | ||
| 650 | _aENVIRONMENTAL IMPACT | ||
| 690 | _aTRANSPORT AND COMMUNICATIONS | ||
| 942 | _n0 | ||
| 999 |
_c73987 _d73987 |
||